000 01798nam a22002777a 4500
005 20110816122752.0
010 _aENG-103503 B-457891-895
020 _c350.00
_a9788176781534
035 _aEN-87036 B-457891-895
037 _bDBAD/PUB
037 _bK.K.Pub/Ven
082 _a385.0954
100 _aSrivastava, Rashmi
_948655
245 _aDevelopment of railways in Northern India /
_cby Rashmi Srivastava
260 _aLucknow
_bBharat Book Centre
_c2010
270 _a17,Ashok Marg,
_bLucknow
_e226001
300 _axi,171p.
_c22cm(Hb)
942 _2ddc
_cEN
_mSRI
_h385.0954
999 _c55490
_d55490